000 00666nam a2200241Ia 4500
001 35167
005 20240114001802.0
007 ta
008 070313s1976 a g b000 u asm u
040 _aCotton College Assam
041 _aasm
082 _a928
_bBa 24 La
100 _aBarkataki, Upendra .
245 0 _aLakshminath Phukan Soworani Grantha /
_cUpendra Barkataki.
_hTextual Documents
250 _a1st ed. /
260 _aGuwahati :
_bBani Prakash Pvt Ltd ,
_c1976.
300 _a163p. :
_bill ;
_c22cm .
653 _aBiography-Lakshminath Phukan
653 _aG-Biography
942 _2ddc
_cBK
999 _c35149
_d35149